| 000 | 00382nam a2200157Ia 4500 | ||
|---|---|---|---|
| 008 | 230524s9999 xx 000 0 und d | ||
| 082 |
_a537 _bTEW |
||
| 100 | _aK.K.Tewari | ||
| 245 | 0 | _aElectricity And Magnetism With Electronics | |
| 250 | _a14TH | ||
| 260 |
_aNEW DELHI _bS. Chand _c2004 |
||
| 300 | _aXV;776 | ||
| 500 | _aQuantity Number: 4 | ||
| 650 | _aPhysics | ||
| 942 | _cBK | ||
| 999 |
_c8885 _d8885 |
||